| 000 | 03916cam0 2200625 ib4500 | ||
|---|---|---|---|
| 001 | BY-NLB-br0001096072 | ||
| 005 | 20260402102305.0 | ||
| 010 | ^a978-5-98156-451-2 | ||
| 100 | ^a20140707d2012 k y0rusy50 ba | ||
| 101 | 0 | ^arus | |
| 102 | ^aRU | ||
| 105 | ^aa z 010yy | ||
| 109 | ^aaa | ||
| 122 | 0 | ^ad1812|||| | |
| 181 | 0 | ^ai3 | |
| 181 | 0 |
^ab1 ^b b2e |
|
| 182 | 0 | ^an | |
| 200 | 1 |
^a1812 год ^fсоставитель, автор предисловия П. И. Привалов |
|
| 203 |
^aТекст ^aИзображение ^bнеподвижное ^bдвухмерное ^cнепосредственные |
||
| 210 | ^d2012 | ||
| 215 |
^a273, [1] с., [3] л. ил. ^cил. |
||
| 320 | ^aБиблиография в подстрочных примечаниях | ||
| 345 | ^9800 экз. | ||
| 461 | 1 |
^12001 ^aСмоленская земля в памятниках русской словесности ^e[сборник ^fпод общей редакцией В. В. Ильина] ^vТ. 15 ^1010 ^a978-5-98156-366-9 ^bв переплете ^1210 ^aСмоленск ^cМаджента ^d2012—2013 ^1215 ^d22 см |
|
| 464 | 0 |
^12001 ^aОтечественная война 1812 года в пределах Смоленской губернии ^1700 1 ^3BY-NLB-ar2798526 ^aВороновский ^bВ. М. ^gВладимир Михайлович |
|
| 464 | 0 |
^12001 ^aСмоленск и его губерния в 1812 году ^1700 1 ^3BY-SEK-213038 ^aГрачев ^bВ. И. ^gВасилий Иванович ^cисторик ^f1865—1932 |
|
| 532 | 1 | 1 |
^aТысяча восемьсот двенадцатый год ^zrus |
| 606 |
^3BY-NLB-ar21575 ^aОККУПИРОВАННЫЕ ТЕРРИТОРИИ ^2DVNLB |
||
| 606 |
^3BY-NLB-ar22130 ^aОСВОБОЖДЕНИЕ ОТ ОККУПАЦИИ ^2DVNLB |
||
| 606 |
^3BY-NLB-ar22256 ^aОТЕЧЕСТВЕННАЯ ВОЙНА 1812 ^2DVNLB |
||
| 606 |
^3BY-NLB-ar22776 ^aПАРТИЗАНСКОЕ ДВИЖЕНИЕ ^2DVNLB |
||
| 606 |
^3BY-NLB-ar5864 ^aВОЕННАЯ ИСТОРИЯ ^2DVNLB |
||
| 606 |
^3BY-NLB-ar5954 ^aВОЕННЫЕ ДЕЙСТВИЯ ^2DVNLB |
||
| 606 |
^3BY-NLB-ar740 ^a19 ВЕК НАЧАЛО ^2DVNLB |
||
| 607 |
^3BY-NLB-ar36500 ^aФранция ^2BY-auth |
||
| 607 |
^3BY-NLB-ar47030 ^aРоссийская империя ^2BY-auth |
||
| 607 |
^3BY-NLB-ar51430 ^aСмоленская губерния ^2BY-auth |
||
| 615 |
^3BY-SEK-ar1826174 ^aБелорусский национальный документ |
||
| 660 | ^ae-bw | ||
| 660 | ^ae-fr | ||
| 660 | ^ae-ru | ||
| 686 |
^a83.3(2Рос) + 63.3(2)521.1-686 ^2rubbk |
||
| 690 |
^a1 ^2Base ^9BY-MI0000 ^xRSEK |
||
| 702 | 1 |
^3BY-SEK-ar7501805 ^aПривалов ^bП. И. ^gПетр Иванович ^4220 ^4080 |
|
| 801 | 0 |
^aBY ^bBY-HM0000 ^c20140707 ^gpsbo |
|
| 801 | 2 |
^aBY ^bBY-MI0000 ^c20260323 ^gRCR |
|
| 035 | ^a(BY-MI0000)BY-NLB-br0001096072 | ||
| 899 | 0 |
^aBY-MI0000 ^iС511 ^h83.3(2Рос) |
|